CUSTOMS AND TRADITIONS OF THE PEOPLES OF SARAWAK/ (Record no. 187696)

MARC details
000 -LEADER
fixed length control field 00905nam a2200253 n 4500
003 - CONTROL NUMBER IDENTIFIER
control field OSt
005 - DATE AND TIME OF LATEST TRANSACTION
control field 20220414123925.0
008 - FIXED-LENGTH DATA ELEMENTS--GENERAL INFORMATION
fixed length control field 220414s1988 my ao e o000 0 eng d
020 ## - INTERNATIONAL STANDARD BOOK NUMBER
Qualifying information hardback
040 ## - CATALOGING SOURCE
Original cataloging agency PPAK
Language of cataloging eng
Transcribing agency PPAK
Description conventions rda
082 04 - DEWEY DECIMAL CLASSIFICATION NUMBER
Edition number 23
Classification number 390.095954
090 00 - LOCALLY ASSIGNED LC-TYPE CALL NUMBER (OCLC); LOCAL CALL NUMBER (RLIN)
Classification number (OCLC) (R) ; Classification number, CALL (RLIN) (NR) 390.095954
Feature heading CUS
Feature heading KAO
110 ## - MAIN ENTRY--CORPORATE NAME
Corporate name or jurisdiction name as entry element Sarawak (Malaysia). Publicity and Film Sub-Committee.
245 00 - TITLE STATEMENT
Title CUSTOMS AND TRADITIONS OF THE PEOPLES OF SARAWAK/
Statement of responsibility, etc. Sarawak (Malaysia). Publicity and Film Sub-Committee.
264 #1 - PRODUCTION, PUBLICATION, DISTRIBUTION, MANUFACTURE, AND COPYRIGHT NOTICE
Place of production, publication, distribution, manufacture [Kuching] :
Name of producer, publisher, distributor, manufacturer Publicity and Film Sub-Committee, .
Date of production, publication, distribution, manufacture, or copyright notice 1988
300 ## - PHYSICAL DESCRIPTION
Extent xxiii, 256 pages :
Other physical details colour photographs ;
Dimensions 26 cm.
336 ## - CONTENT TYPE
Source rdacontent
Content type term text
337 ## - MEDIA TYPE
Source rdamedia
Media type term unmediated
338 ## - CARRIER TYPE
Source rdacarrier
Carrier type term volume
650 10 - SUBJECT ADDED ENTRY--TOPICAL TERM
Topical term or geographic name entry element Ethnology
Geographic subdivision Malaysia
-- Sarawak.
Topical term or geographic name entry element Indigenous peoples
Geographic subdivision Malaysia
-- Sarawak
Topical term or geographic name entry element Sarawak (Malaysia)
Form subdivision Social life and customs.
942 ## - ADDED ENTRY ELEMENTS (KOHA)
Source of classification or shelving scheme Dewey Decimal Classification
Koha item type Book
Holdings
Withdrawn Not for loan Current library Shelving location Date acquired Full call number Barcode Date last seen Koha item type
  Not For Loan Perpustakaan Jitra Koleksi Asmah Haji Omar 08/06/2022 KAO 390.095954 CUS KAO001113 08/06/2022 Book